[Event "XVII. DBMM Schach"]
[Site "Berlin"]
[Date "2017.11.03"]
[Round "4.1"]
[White "Haenisch, Uwe"]
[Black "Schramm, Christian"]
[Result "0-1"]
[WhiteElo "2195"]
[BlackElo "2368"]
[Annotator "hm"]
[PlyCount "84"]
[EventDate "2017.??.??"]
[EventType "team-swiss"]
[EventRounds "7"]
[EventCountry "GER"]
[SourceTitle "XVII. DBMM 2017"]
[Source "FV Schach e.V."]
[SourceDate "2018.05.26"]
[SourceVersion "1"]
[SourceVersionDate "2018.05.26"]
[SourceQuality "1"]
[WhiteTeam "Deutsche Bahn/BSW Frankurt/M"]
[BlackTeam "AGI Frankfurt"]
[WhiteTeamCountry "GER"]
[BlackTeamCountry "GER"]

1. e4 c5 2. Nc3 g6 3. g3 Bg7 4. Bg2 Nc6 5. d3 Rb8 6. Be3 Nd4 7. Nf3 d6 8. h3 b5
9. O-O b4 10. Bxd4 cxd4 11. Ne2 e5 12. c3 dxc3 13. bxc3 Ne7 14. cxb4 Rxb4 15.
Rb1 Rxb1 16. Qxb1 Ba6 17. Rd1 O-O 18. Nc3 Qa5 19. Qb3 Bh6 20. Bf1 Rc8 21. Nb1
Nc6 22. d4 Bxf1 23. Kxf1 exd4 24. Kg2 Rb8 25. Qd5 Qc5 26. Na3 Ne7 27. Qxc5 dxc5
28. Nc4 Rb4 29. Nd6 Nc6 30. Ne1 c4 31. Nc2 Rb2 32. Nxd4 Nxd4 33. Rxd4 c3 34.
Rc4 c2 35. Rc8+ Kg7 36. Ne8+ Kf8 37. Nf6+ Ke7 38. e5 Ke6 39. Re8+ Kf5 40. Kf3
c1=Q 41. g4+ Kg5 42. Kg2 Kh4 0-1

[Event "XVII. DBMM Schach"]
[Site "Berlin"]
[Date "2017.11.03"]
[Round "4.2"]
[White "Rietze, Clemens"]
[Black "Kopp, Jan"]
[Result "1-0"]
[WhiteElo "2319"]
[BlackElo "2042"]
[Annotator "hm"]
[PlyCount "59"]
[EventDate "2017.??.??"]
[EventType "team-swiss"]
[EventRounds "7"]
[EventCountry "GER"]
[SourceTitle "XVII. DBMM 2017"]
[Source "FV Schach e.V."]
[SourceDate "2018.05.26"]
[SourceVersion "1"]
[SourceVersionDate "2018.05.26"]
[SourceQuality "1"]
[WhiteTeam "AGI Frankfurt"]
[BlackTeam "Deutsche Bahn/BSW Frankurt/M"]
[WhiteTeamCountry "GER"]
[BlackTeamCountry "GER"]

1. d4 Nf6 2. c4 c5 3. d5 e6 4. Nc3 exd5 5. cxd5 d6 6. Nf3 g6 7. Bf4 a6 8. e4
Bg4 9. Qb3 Bxf3 10. Qxb7 Nbd7 11. gxf3 Nh5 12. Bh3 f5 13. Be3 Rb8 14. Qxa6 Qh4
15. Bf1 Rxb2 16. O-O-O Rb4 17. Bb5 Qd8 18. Kc2 Bg7 19. Qxd6 Rxb5 20. Nxb5 Be5
21. Qe6+ Kf8 22. Bxc5+ Kg7 23. Bd4 Bxd4 24. Rxd4 Re8 25. Qc6 Ne5 26. Qc7+ Qxc7+
27. Nxc7 Rc8 28. d6 Nf6 29. f4 Nf3 30. Rc4 1-0

[Event "XVII. DBMM Schach"]
[Site "Berlin"]
[Date "2017.11.03"]
[Round "4.3"]
[White "Thomas, Mario"]
[Black "Guth, Thomas"]
[Result "0-1"]
[WhiteElo "2059"]
[BlackElo "2328"]
[Annotator "hm"]
[PlyCount "44"]
[EventDate "2017.??.??"]
[EventType "team-swiss"]
[EventRounds "7"]
[EventCountry "GER"]
[SourceTitle "XVII. DBMM 2017"]
[Source "FV Schach e.V."]
[SourceDate "2018.05.26"]
[SourceVersion "1"]
[SourceVersionDate "2018.05.26"]
[SourceQuality "1"]
[WhiteTeam "Deutsche Bahn/BSW Frankurt/M"]
[BlackTeam "AGI Frankfurt"]
[WhiteTeamCountry "GER"]
[BlackTeamCountry "GER"]

1. e4 e6 2. d4 d5 3. Nc3 Bb4 4. e5 Ne7 5. Qg4 c5 6. a3 Qa5 7. Nge2 cxd4 8. Qxd4
Nbc6 9. Qe3 Nf5 10. Qf4 d4 11. axb4 Qxa1 12. Nb5 O-O 13. g4 Nfe7 14. Bg2 Ng6
15. Qg3 Qa4 16. Nc7 Qxc2 17. O-O Qxe2 18. Nxa8 d3 19. Bf3 Qxe5 20. Qg2 Bd7 21.
b5 Qxb5 22. Nc7 Qa5 0-1

[Event "XVII. DBMM Schach"]
[Site "Berlin"]
[Date "2017.11.03"]
[Round "4.4"]
[White "Buescher, Henrik"]
[Black "Neudel, Bernd"]
[Result "1/2-1/2"]
[WhiteElo "2112"]
[BlackElo "1869"]
[Annotator "hm"]
[PlyCount "56"]
[EventDate "2017.??.??"]
[EventType "team-swiss"]
[EventRounds "7"]
[EventCountry "GER"]
[SourceTitle "XVII. DBMM 2017"]
[Source "FV Schach e.V."]
[SourceDate "2018.05.26"]
[SourceVersion "1"]
[SourceVersionDate "2018.05.26"]
[SourceQuality "1"]
[WhiteTeam "AGI Frankfurt"]
[BlackTeam "Deutsche Bahn/BSW Frankurt/M"]
[WhiteTeamCountry "GER"]
[BlackTeamCountry "GER"]

1. d4 d5 2. e3 Nf6 3. f4 g6 4. Nf3 Bg7 5. Bd3 b6 6. c3 Bb7 7. O-O O-O 8. Qe1
Nbd7 9. Nbd2 e6 10. Qh4 Ne4 11. Qh3 Ndf6 12. g4 Qe7 13. Ne5 Nxd2 14. Bxd2 Ne4
15. Be1 f6 16. Nf3 Qd7 17. Qg2 Rac8 18. Rd1 Qe7 19. h4 c5 20. Bg3 Nxg3 21. Qxg3
Rce8 22. h5 g5 23. Rf2 h6 24. Rdf1 Bc6 25. Nd2 e5 26. fxg5 fxg5 27. Bg6 Rxf2
28. Rxf2 Rf8 1/2-1/2

[Event "XVII. DBMM Schach"]
[Site "Berlin"]
[Date "2017.11.03"]
[Round "4.1"]
[White "Gohla, Ulf"]
[Black "Blum, Norbert"]
[Result "1/2-1/2"]
[WhiteElo "2171"]
[BlackElo "1995"]
[Annotator "hm"]
[PlyCount "58"]
[EventDate "2017.??.??"]
[EventType "team-swiss"]
[EventRounds "7"]
[EventCountry "GER"]
[SourceTitle "XVII. DBMM 2017"]
[Source "FV Schach e.V."]
[SourceDate "2018.05.26"]
[SourceVersion "1"]
[SourceVersionDate "2018.05.26"]
[SourceQuality "1"]
[WhiteTeam "Vodafone"]
[BlackTeam "Sparkassen-Vers. Stuttgart"]
[WhiteTeamCountry "GER"]
[BlackTeamCountry "GER"]

1. d4 Nf6 2. c4 g6 3. Nc3 d5 4. cxd5 Nxd5 5. Bd2 Nb6 6. e3 Bg7 7. Nf3 O-O 8.
Be2 Nc6 9. O-O e5 10. dxe5 Nxe5 11. Nxe5 Bxe5 12. Qc2 c6 13. e4 Qe7 14. Rad1 f5
15. Be3 fxe4 16. Nxe4 Bf5 17. Bd3 Rfe8 18. Bg5 Qg7 19. Nc5 Bxd3 20. Rxd3 Nd5
21. Rb3 Rab8 22. Qd2 Bd6 23. Nd3 Re6 24. g3 Rbe8 25. Qa5 b6 26. Qa4 Be7 27. Bd2
Bf6 28. Rc1 Qd7 29. Qc4 Kg7 1/2-1/2

[Event "XVII. DBMM Schach"]
[Site "Berlin"]
[Date "2017.11.03"]
[Round "4.2"]
[White "Bohne, Uwe"]
[Black "Scheffner, Axel"]
[Result "0-1"]
[WhiteElo "2032"]
[BlackElo "2249"]
[Annotator "hm"]
[PlyCount "72"]
[EventDate "2017.??.??"]
[EventType "team-swiss"]
[EventRounds "7"]
[EventCountry "GER"]
[SourceTitle "XVII. DBMM 2017"]
[Source "FV Schach e.V."]
[SourceDate "2018.05.26"]
[SourceVersion "1"]
[SourceVersionDate "2018.05.26"]
[SourceQuality "1"]
[WhiteTeam "Sparkassen-Vers. Stuttgart"]
[BlackTeam "Vodafone"]
[WhiteTeamCountry "GER"]
[BlackTeamCountry "GER"]

1. d4 d5 2. Bf4 c6 3. e3 Qb6 4. Qc1 Bf5 5. Nf3 e6 6. Be2 c5 7. dxc5 Bxc5 8. O-O
Nd7 9. Nc3 Ngf6 10. Na4 Qa5 11. Nxc5 Qxc5 12. c3 O-O 13. Nh4 $11 Be4 14. f3 Bg6
15. Nxg6 hxg6 16. Bg3 b5 17. Bf2 Qc6 18. Qd2 a5 19. b3 a4 20. Rfc1 Rfc8 21. c4
bxc4 22. bxc4 Ne5 23. cxd5 Qxd5 24. Rxc8+ Rxc8 25. Qb4 Qa8 26. a3 Nd5 27. Qd4
Nc6 28. Qd2 Na5 29. Bd1 $11 Nb3 30. Bxb3 axb3 31. Qb2 Qa4 32. Rb1 Rc2 33. Qe5
b2 34. Qg5 Rc1+ 35. Be1 Rxb1 36. Qd8+ Kh7 0-1

[Event "XVII. DBMM Schach"]
[Site "Berlin"]
[Date "2017.11.03"]
[Round "4.3"]
[White "Tochtrop, Matthias"]
[Black "Bischoff, Ulrich"]
[Result "1/2-1/2"]
[WhiteElo "2173"]
[BlackElo "2072"]
[Annotator "hm"]
[PlyCount "41"]
[EventDate "2017.??.??"]
[EventType "team-swiss"]
[EventRounds "7"]
[EventCountry "GER"]
[SourceTitle "XVII. DBMM 2017"]
[Source "FV Schach e.V."]
[SourceDate "2018.05.26"]
[SourceVersion "1"]
[SourceVersionDate "2018.05.26"]
[SourceQuality "1"]
[WhiteTeam "Vodafone"]
[BlackTeam "Sparkassen-Vers. Stuttgart"]
[WhiteTeamCountry "GER"]
[BlackTeamCountry "GER"]

1. g3 d5 2. Bg2 Nf6 3. c3 c6 4. d4 Bf5 5. Nh3 e6 6. O-O Be7 7. f3 O-O 8. Nf2 h6
9. e4 Bh7 10. Be3 a5 11. Nd2 c5 12. dxc5 Na6 13. Nd3 Rc8 14. b4 dxe4 15. Nxe4
Qd5 16. Qe2 Qc4 17. a3 Nd5 18. Bd2 Rfd8 19. Rfd1 Nxc3 20. Bxc3 Bxe4 21. Qxe4
$11 1/2-1/2

[Event "XVII. DBMM Schach"]
[Site "Berlin"]
[Date "2017.11.03"]
[Round "4.4"]
[White "Marten, Gero"]
[Black "Limbourg, Marina"]
[Result "1/2-1/2"]
[WhiteElo "2008"]
[BlackElo "2018"]
[Annotator "hm"]
[PlyCount "34"]
[EventDate "2017.??.??"]
[EventType "team-swiss"]
[EventRounds "7"]
[EventCountry "GER"]
[SourceTitle "XVII. DBMM 2017"]
[Source "FV Schach e.V."]
[SourceDate "2018.05.26"]
[SourceVersion "1"]
[SourceVersionDate "2018.05.26"]
[SourceQuality "1"]
[WhiteTeam "Sparkassen-Vers. Stuttgart"]
[BlackTeam "Vodafone"]
[WhiteTeamCountry "GER"]
[BlackTeamCountry "GER"]

1. Nf3 Nf6 2. d4 g6 3. Bf4 Bg7 4. e3 O-O 5. Be2 d5 6. h3 c5 7. c3 Qb6 8. Qc1
Bf5 9. Nbd2 Nbd7 10. O-O Rac8 11. Ne5 h5 12. Ndf3 Ne4 13. Nxd7 Bxd7 14. Ne5 Bb5
15. Bxb5 Qxb5 16. f3 Nf6 17. Qd2 Rfd8 $11 1/2-1/2

[Event "XVII. DBMM Schach"]
[Site "Berlin"]
[Date "2017.11.03"]
[Round "4.2"]
[White "Haas, Peter"]
[Black "Rath, Alina"]
[Result "1-0"]
[WhiteElo "2092"]
[BlackElo "2089"]
[Annotator "hm"]
[PlyCount "41"]
[EventDate "2017.??.??"]
[EventType "team-swiss"]
[EventRounds "7"]
[EventCountry "GER"]
[SourceTitle "XVII. DBMM 2017"]
[Source "FV Schach e.V."]
[SourceDate "2018.05.26"]
[SourceVersion "1"]
[SourceVersionDate "2018.05.26"]
[SourceQuality "1"]
[WhiteTeam "ADAC Muenchen"]
[BlackTeam "SV Osram Berlin"]
[WhiteTeamCountry "GER"]
[BlackTeamCountry "GER"]

1. e4 c5 2. Nf3 Nc6 3. Bb5 g6 4. O-O Bg7 5. Re1 e5 6. b4 Nxb4 7. Bb2 Qc7 8. c3
Nc6 9. d4 Qb6 10. Na3 Nh6 11. Nc4 Qc7 12. dxc5 O-O 13. Qd6 Qxd6 14. Nxd6 b6 15.
Ba3 Rb8 16. Rab1 f6 17. cxb6 axb6 18. Nc4 Rd8 19. Bd6 Ra8 20. Nxb6 Ra5 21. Bc7
1-0

[Event "XVII. DBMM Schach"]
[Site "Berlin"]
[Date "2017.11.03"]
[Round "4.3"]
[White "Gebert Vangeel, Ralf"]
[Black "Gempe, Anet"]
[Result "1-0"]
[WhiteElo "2035"]
[BlackElo "1997"]
[Annotator "hm"]
[PlyCount "93"]
[EventDate "2017.??.??"]
[EventType "team-swiss"]
[EventRounds "7"]
[EventCountry "GER"]
[SourceTitle "XVII. DBMM 2017"]
[Source "FV Schach e.V."]
[SourceDate "2018.05.26"]
[SourceVersion "1"]
[SourceVersionDate "2018.05.26"]
[SourceQuality "1"]
[WhiteTeam "SV Osram Berlin"]
[BlackTeam "ADAC Muenchen"]
[WhiteTeamCountry "GER"]
[BlackTeamCountry "GER"]

1. e4 e6 2. d4 d5 3. Nc3 Nf6 4. Bg5 Be7 5. e5 Nfd7 6. h4 c5 7. Nb5 f6 8. exf6
Nxf6 9. Nf3 a6 10. Nc3 Nc6 11. dxc5 Bxc5 12. Bd3 b5 13. O-O Nb4 14. Ne5 O-O 15.
Ng4 Nxd3 16. Qxd3 Be7 17. Ne5 Bb7 18. Rae1 b4 19. Ne2 Ne4 20. Nd4 Qd6 21. f4
Bf6 22. Ndf3 Rad8 23. Ng4 a5 24. Bxf6 Nxf6 25. Nxf6+ gxf6 26. Qe3 Rfe8 27. Nd4
Bc8 28. Rf3 Kf7 29. Qd3 f5 30. Qd2 Rg8 31. a3 Rg4 32. g3 Bd7 33. axb4 axb4 34.
Kh2 Rb8 35. Rfe3 Rg6 36. Nf3 Rf6 37. Qd4 h6 38. Ne5+ Ke7 39. Ra1 Rb7 40. Ra8
Be8 41. Nd3 Bh5 42. Ra7 Rxa7 43. Qxa7+ Kf8 44. Qd4 Rg6 45. Nxb4 Kg8 46. Ra3 Kh7
47. Ra7+ 1-0

[Event "XVII. DBMM Schach"]
[Site "Berlin"]
[Date "2017.11.03"]
[Round "4.4"]
[White "Katzer, Joachim"]
[Black "Eisermann, Daniel"]
[Result "1/2-1/2"]
[WhiteElo "1904"]
[BlackElo "1937"]
[Annotator "hm"]
[PlyCount "41"]
[EventDate "2017.??.??"]
[EventType "team-swiss"]
[EventRounds "7"]
[EventCountry "GER"]
[SourceTitle "XVII. DBMM 2017"]
[Source "FV Schach e.V."]
[SourceDate "2018.05.26"]
[SourceVersion "1"]
[SourceVersionDate "2018.05.26"]
[SourceQuality "1"]
[WhiteTeam "ADAC Muenchen"]
[BlackTeam "SV Osram Berlin"]
[WhiteTeamCountry "GER"]
[BlackTeamCountry "GER"]

1. e4 e5 2. Nf3 Nc6 3. Bb5 a6 4. Bxc6 dxc6 5. O-O f6 6. d4 Bg4 7. dxe5 Qxd1 8.
Rxd1 fxe5 9. Be3 Nf6 10. Nbd2 Rd8 11. Nc4 Bxf3 12. Rxd8+ Kxd8 13. gxf3 Bd6 14.
Rd1 Ke7 15. Bg5 Ke6 16. Bxf6 gxf6 17. Ne3 Rg8+ 18. Kf1 b6 19. Nf5 Rg5 20. h4
Rg6 21. Rd3 1/2-1/2

[Event "XVII. DBMM Schach"]
[Site "Berlin"]
[Date "2017.11.03"]
[Round "4.1"]
[White "Ozerov, Ilja"]
[Black "Lenhardt, Manfred"]
[Result "1-0"]
[WhiteElo "2161"]
[BlackElo "2086"]
[Annotator "hm"]
[PlyCount "107"]
[EventDate "2017.??.??"]
[EventType "team-swiss"]
[EventRounds "7"]
[EventCountry "GER"]
[SourceTitle "XVII. DBMM 2017"]
[Source "FV Schach e.V."]
[SourceDate "2018.05.26"]
[SourceVersion "1"]
[SourceVersionDate "2018.05.26"]
[SourceQuality "1"]
[WhiteTeam "RWE Essen"]
[BlackTeam "Vattenfall Berlin"]
[WhiteTeamCountry "GER"]
[BlackTeamCountry "GER"]

1. d4 d5 2. e3 g6 3. Bd3 Bg7 4. f4 Nh6 5. Nf3 Bf5 6. O-O O-O 7. c4 c5 8. cxd5
Bxd3 9. Qxd3 Qxd5 10. Nc3 Qc6 11. Ne5 Qa6 12. Nb5 Nc6 13. Nd7 Rfd8 14. Nxc5 Qb6
15. Nb3 Nb4 16. Qc4 Nd5 17. Nc3 Rac8 18. Nxd5 Qe6 19. Nxe7+ Qxe7 20. Qd3 Rd5
21. Bd2 Rh5 22. h3 Nf5 23. e4 Nd6 24. Rfe1 b5 25. Bb4 Qd8 26. Bxd6 Qxd6 27. e5
Qd7 28. Rac1 Rd8 29. Red1 Bh6 30. Nc5 Qd5 31. Ne4 Bg7 32. b3 Rh4 33. Qf3 Kf8
34. Rc5 Qd7 35. d5 Rh5 36. d6 Qb7 37. Rc7 Qb6+ 38. Nf2 Rh4 39. g3 Rxh3 40. Kg2
Rh5 41. Qb7 Qxb7+ 42. Rxb7 g5 43. Rxa7 gxf4 44. gxf4 Rf5 45. Kg3 h5 46. a4 bxa4
47. bxa4 Kg8 48. a5 Kh8 49. a6 Rg8 50. Kf3 Bxe5 51. Ke4 Rxf4+ 52. Kxe5 Rxf2 53.
d7 Re2+ 54. Kf4 1-0

[Event "XVII. DBMM Schach"]
[Site "Berlin"]
[Date "2017.11.03"]
[Round "4.2"]
[White "Busse, Wolfgang"]
[Black "Limbourg, Philipp"]
[Result "0-1"]
[WhiteElo "1841"]
[BlackElo "2214"]
[Annotator "hm"]
[PlyCount "62"]
[EventDate "2017.??.??"]
[EventType "team-swiss"]
[EventRounds "7"]
[EventCountry "GER"]
[SourceTitle "XVII. DBMM 2017"]
[Source "FV Schach e.V."]
[SourceDate "2018.05.26"]
[SourceVersion "1"]
[SourceVersionDate "2018.05.26"]
[SourceQuality "1"]
[WhiteTeam "Vattenfall Berlin"]
[BlackTeam "RWE Essen"]
[WhiteTeamCountry "GER"]
[BlackTeamCountry "GER"]

1. e4 c5 2. Nf3 e6 3. d4 cxd4 4. Nxd4 Qb6 5. Nb3 Qc7 6. c3 Nf6 7. Bd3 d5 8.
exd5 Nxd5 9. O-O Nc6 10. Be4 Nf6 11. Bxc6+ bxc6 12. Be3 Bd6 13. h3 Ba6 14. Re1
O-O 15. N1d2 c5 16. c4 Rfd8 17. Qc2 Bb7 18. Bg5 Be7 19. Rad1 Ng4 20. hxg4 Bxg5
21. Ne4 Be7 22. Qe2 Rac8 23. Ng3 Qc6 24. f4 Bh4 25. Na5 Qc7 26. Rxd8+ Rxd8 27.
Nxb7 Qxb7 28. Kh2 Qb8 29. Kh3 Bxg3 30. Kxg3 Rd4 31. Rf1 g5 0-1

[Event "XVII. DBMM Schach"]
[Site "Berlin"]
[Date "2017.11.03"]
[Round "4.3"]
[White "Broksch, Dirk"]
[Black "Schulze, Norbert"]
[Result "0-1"]
[WhiteElo "1902"]
[BlackElo "1794"]
[Annotator "hm"]
[PlyCount "126"]
[EventDate "2017.??.??"]
[EventType "team-swiss"]
[EventRounds "7"]
[EventCountry "GER"]
[SourceTitle "XVII. DBMM 2017"]
[Source "FV Schach e.V."]
[SourceDate "2018.05.26"]
[SourceVersion "1"]
[SourceVersionDate "2018.05.26"]
[SourceQuality "1"]
[WhiteTeam "RWE Essen"]
[BlackTeam "Vattenfall Berlin"]
[WhiteTeamCountry "GER"]
[BlackTeamCountry "GER"]

1. e4 c6 2. Nc3 d5 3. exd5 cxd5 4. d4 Bf5 5. Nf3 e6 6. Bb5+ Nc6 7. O-O Nf6 8.
Nh4 Bg4 9. Nf3 Qc7 10. h3 Bf5 11. Re1 h6 12. a3 Be7 13. Ne2 O-O 14. Ng3 Bh7 15.
Bd3 Bd6 16. Bxh7+ Kxh7 17. Qd3+ Kg8 18. Nf1 Bf4 19. Be3 g6 20. Rac1 Kg7 21. c4
dxc4 22. Qxc4 Bxe3 23. fxe3 Qd7 24. Red1 Rac8 25. Qa4 Qd5 26. Rc5 Qd6 27. Rdc1
Ne4 28. R5c2 a6 29. Qb3 b5 30. Qd3 Qd5 31. a4 Nb4 32. Qe2 Rxc2 33. Rxc2 Nxc2
34. Qxc2 Nd6 35. axb5 Rc8 36. Qd3 Qxb5 37. Qxb5 axb5 38. b3 Ne4 39. N1d2 Nxd2
40. Nxd2 Rc2 41. Ne4 Re2 42. Nd6 Rxe3 43. Nxb5 Rxb3 44. Nc7 Rb7 45. Na6 Rd7 46.
Nc5 Rxd4 47. Kf2 Rc4 48. Nd3 Rc3 49. Ne5 h5 50. Nd7 g5 51. Nb6 Kf6 52. Na4 Rc4
53. Nb6 Rb4 54. Nd7+ Kf5 55. Nc5 Rb5 56. Nd3 Ra5 57. Nb4 h4 58. Nc6 Ra3 59.
Nd4+ Ke4 60. Nb5 Ra2+ 61. Kf1 Kf4 62. Nc3 Rc2 63. Na4 Kg3 0-1

[Event "XVII. DBMM Schach"]
[Site "Berlin"]
[Date "2017.11.03"]
[Round "4.1"]
[White "Jacob, Volker"]
[Black "Segerberg, Tomas"]
[Result "1-0"]
[WhiteElo "2233"]
[BlackElo "2103"]
[Annotator "hm"]
[PlyCount "51"]
[EventDate "2017.??.??"]
[EventType "team-swiss"]
[EventRounds "7"]
[EventCountry "GER"]
[SourceTitle "XVII. DBMM 2017"]
[Source "FV Schach e.V."]
[SourceDate "2018.05.26"]
[SourceVersion "1"]
[SourceVersionDate "2018.05.26"]
[SourceQuality "1"]
[WhiteTeam "Wiley United Weinheim"]
[BlackTeam "SV Osram Berlin II"]
[WhiteTeamCountry "GER"]
[BlackTeamCountry "GER"]

1. d4 e6 2. c4 Nf6 3. Nc3 Bb4 4. Bg5 h6 5. Bh4 b6 6. f3 Be7 7. Qc2 Bb7 8. e4 d5
9. cxd5 exd5 10. e5 Nfd7 11. Bxe7 Qxe7 12. f4 O-O 13. Nf3 c5 14. Bb5 cxd4 15.
Nxd4 a6 16. Bd3 Nc5 17. O-O Nxd3 18. Qxd3 Nd7 19. Kh1 Nc5 20. Qg3 Qd7 21. f5
Ne4 22. Nxe4 dxe4 23. f6 g6 24. Nf5 Kh7 25. Nxh6 Kxh6 26. Qh4# 1-0

[Event "XVII. DBMM Schach"]
[Site "Berlin"]
[Date "2017.11.03"]
[Round "4.2"]
[White "Lange, Rudolf"]
[Black "Spiegel, Stefan"]
[Result "0-1"]
[WhiteElo "1851"]
[BlackElo "2144"]
[Annotator "hm"]
[PlyCount "100"]
[EventDate "2017.??.??"]
[EventType "team-swiss"]
[EventRounds "7"]
[EventCountry "GER"]
[SourceTitle "XVII. DBMM 2017"]
[Source "FV Schach e.V."]
[SourceDate "2018.05.26"]
[SourceVersion "1"]
[SourceVersionDate "2018.05.26"]
[SourceQuality "1"]
[WhiteTeam "SV Osram Berlin II"]
[BlackTeam "Wiley United Weinheim"]
[WhiteTeamCountry "GER"]
[BlackTeamCountry "GER"]

1. d4 Nf6 2. Nf3 e6 3. Bf4 b6 4. e3 Bb7 5. c3 d6 6. Nbd2 Nbd7 7. Bd3 Qe7 8. Qe2
e5 9. dxe5 dxe5 10. Bg3 e4 11. Nxe4 Nxe4 12. Bxc7 Nec5 13. O-O-O Rc8 14. Bf4
Nxd3+ 15. Qxd3 Nc5 16. Qf5 Qe6 17. Qxe6+ Nxe6 18. Bd6 Bxd6 19. Rxd6 Ke7 20.
Rhd1 Rhd8 21. Rxd8 Rxd8 22. Rxd8 Kxd8 23. Ne1 Ke7 24. f3 f5 25. Kd2 Kd6 26. Nc2
a5 27. Nd4 Nxd4 28. cxd4 g5 29. Ke2 Kd5 30. Kd3 Ba6+ 31. Kc3 Bf1 32. g3 Be2 33.
f4 gxf4 34. exf4 Ke4 35. a3 Bb5 36. b3 Bf1 37. a4 Kd5 38. b4 h5 39. bxa5 bxa5
40. Kd2 Kxd4 41. Ke1 Bg2 42. Kf2 Bc6 43. h3 Bd7 44. g4 fxg4 45. hxg4 Bxg4 46.
Kg3 Ke4 47. Kh4 Bd1 48. Kg5 Bxa4 49. Kxh5 Be8+ 50. Kg5 a4 0-1

[Event "XVII. DBMM Schach"]
[Site "Berlin"]
[Date "2017.11.03"]
[Round "4.3"]
[White "Calder, Dennis"]
[Black "Mayer, Herbert"]
[Result "1/2-1/2"]
[WhiteElo "1930"]
[BlackElo "1859"]
[Annotator "hm"]
[PlyCount "55"]
[EventDate "2017.??.??"]
[EventType "team-swiss"]
[EventRounds "7"]
[EventCountry "GER"]
[SourceTitle "XVII. DBMM 2017"]
[Source "FV Schach e.V."]
[SourceDate "2018.05.26"]
[SourceVersion "1"]
[SourceVersionDate "2018.05.26"]
[SourceQuality "1"]
[WhiteTeam "Wiley United Weinheim"]
[BlackTeam "SV Osram Berlin II"]
[WhiteTeamCountry "GER"]
[BlackTeamCountry "GER"]

1. d4 d5 2. c4 dxc4 3. e3 Nf6 4. Bxc4 g6 5. Nc3 Bg7 6. Nf3 O-O 7. O-O Nfd7 8.
e4 Nb6 9. Bb3 Nc6 10. d5 Na5 11. h3 Nxb3 12. Qxb3 e5 13. a4 a5 14. Be3 Ra6 15.
Rfd1 Nd7 16. Rac1 c6 17. Qa2 Kh8 18. Ng5 Qe8 19. Ne2 h6 20. Nf3 f5 21. dxc6
bxc6 22. Qc4 Nb6 23. Qc2 fxe4 24. Qxe4 Nd5 25. Bc5 Rf5 26. Nfd4 Rg5 27. Nf3 Rf5
28. Nfd4 1/2-1/2

[Event "XVII. DBMM Schach"]
[Site "Berlin"]
[Date "2017.11.03"]
[Round "4.4"]
[White "Benten, Wolfgang"]
[Black "Hartmann, Matthias"]
[Result "0-1"]
[WhiteElo "1556"]
[BlackElo "1849"]
[Annotator "hm"]
[PlyCount "98"]
[EventDate "2017.??.??"]
[EventType "team-swiss"]
[EventRounds "7"]
[EventCountry "GER"]
[SourceTitle "XVII. DBMM 2017"]
[Source "FV Schach e.V."]
[SourceDate "2018.05.26"]
[SourceVersion "1"]
[SourceVersionDate "2018.05.26"]
[SourceQuality "1"]
[WhiteTeam "SV Osram Berlin II"]
[BlackTeam "Wiley United Weinheim"]
[WhiteTeamCountry "GER"]
[BlackTeamCountry "GER"]

1. d4 d5 2. c4 c6 3. Nf3 Nf6 4. Nc3 e6 5. e3 Bd6 6. Bd3 O-O 7. O-O Nbd7 8. cxd5
exd5 9. Qc2 Re8 10. Re1 Nf8 11. h3 Qe7 12. Bd2 Ne4 13. Nh2 Bxh2+ 14. Kxh2 Nxf2
15. e4 Nxd3 16. Qxd3 dxe4 17. Rxe4 Be6 18. Qg3 Rad8 19. Ne2 Ng6 20. Bc3 Qd6 21.
Nf4 Bd5 22. Rxe8+ Rxe8 23. Nxd5 Qxg3+ 24. Kxg3 cxd5 25. Rf1 Re4 26. Re1 Rxe1
27. Bxe1 Ne7 28. Kf4 Nc6 29. Ke3 f5 30. a4 Kf7 31. b4 g5 32. b5 f4+ 33. Kd3 Nd8
34. h4 h6 35. hxg5 hxg5 36. g3 Ne6 37. Bf2 Kf6 38. Ke2 fxg3 39. Bxg3 Nxd4+ 40.
Kd3 Ne6 41. Bb8 a6 42. bxa6 bxa6 43. Ba7 Ke5 44. Ke3 d4+ 45. Kf3 Kd5 46. Bb8
Kc4 47. Ke4 Nc5+ 48. Kf5 d3 49. Bf4 gxf4 0-1

[Event "XVII. DBMM Schach"]
[Site "Berlin"]
[Date "2017.11.03"]
[Round "4.1"]
[White "Koscielski, Janusz"]
[Black "Gohil, Harry"]
[Result "0-1"]
[WhiteElo "2337"]
[BlackElo "2254"]
[Annotator "hm"]
[PlyCount "140"]
[EventDate "2017.??.??"]
[EventType "team-swiss"]
[EventRounds "7"]
[EventCountry "GER"]
[SourceTitle "XVII. DBMM 2017"]
[Source "FV Schach e.V."]
[SourceDate "2018.05.26"]
[SourceVersion "1"]
[SourceVersionDate "2018.05.26"]
[SourceQuality "1"]
[WhiteTeam "EKJ Herne und Wanne-Eickel"]
[BlackTeam "Commerzbank Frankfurt"]
[WhiteTeamCountry "GER"]
[BlackTeamCountry "GER"]

1. e4 c5 2. Nf3 Nc6 3. Bb5 d6 4. d4 cxd4 5. Qxd4 Bd7 6. Bxc6 Bxc6 7. Nc3 Nf6 8.
Bg5 e6 9. O-O-O Be7 10. Rhe1 O-O 11. Qd2 Rc8 12. Nd4 h6 13. Nxc6 Rxc6 14. Bf4
Qa5 15. Kb1 Ra6 16. a3 d5 17. exd5 Bxa3 18. Ne4 Bb4 19. Nxf6+ gxf6 20. c3 Qa2+
21. Kc2 Ba3 22. Ra1 Qxb2+ 23. Kd3 Qb3 24. Ke2 Rd8 25. Kf1 Rxd5 26. Qe2 Qxc3 27.
Kg1 Qd3 28. Qg4+ Kh7 29. Qh4 Qg6 30. Be3 b5 31. h3 Ra4 32. f4 Rd3 33. Qf2 a6
34. Rad1 Rxd1 35. Rxd1 Rc4 36. Rd7 Kg7 37. Qf3 Rc3 38. Qf2 Bc1 39. Bd4 Rc4 40.
Kh2 Kh7 41. Kh1 Ba3 42. f5 exf5 43. Qe3 Rc2 44. Qf3 Bf8 45. Qb7 Rc1+ 46. Kh2 f4
47. Bf2 Bg7 48. Rxf7 Rc2 49. Bh4 f3 50. Rxg7+ Qxg7 51. Qe4+ Qg6 52. Qe7+ Kg8
53. Qd8+ Kg7 54. Qe7+ Qf7 55. Bxf6+ Kg6 56. Qe4+ Kxf6 57. Qxc2 fxg2 58. Qc3+
Kg6 59. Qg3+ Kh7 60. Qd3+ Qg6 61. Qd7+ Kg8 62. Qd8+ Kg7 63. Qe7+ Qf7 64. Qe5+
Qf6 65. Qg3+ Kf7 66. Qc7+ Qe7 67. Qf4+ Ke8 68. Qb8+ Qd8 69. Qe5+ Kd7 70. Kxg2
Qg5+ 0-1